000 00249nam a2200097Ia 4500
001 1164951
005 20250827011731.0
008 250824s9999 xx 000 0 und d
245 0 _aHARİTALARIN DİLİ
_cEDUARD DALMAU
260 _bYEDİTEPE YAYINLARI
999 _c1164951
_d1164951